Statistiques concernant 📖 150 premiers mots "Les Catilinaires" (Amélie Nothomb)

Cliquez ici pour prendre le quiz!

Statistiques générales

  • Ce quiz a Ă©tĂ© pris 15 fois
    (10 depuis la dernière actualisation)
  • Le rĂ©sultat moyen est 110 sur 150

Statistiques - réponses

Mots% Correct
Ă 
100%
a
100%
au
100%
avait
100%
Bernardin.
100%
c'
100%
Ce
100%
Cette
100%
cette
100%
d'
100%
de
100%
Des
100%
dit
100%
elle
100%
en
100%
est
100%
et
100%
ĂŞtre
100%
fait
100%
Il
100%
il
100%
Je
100%
je
100%
l'
100%
m'
100%
me
100%
monsieur
100%
n'
100%
ne
100%
pas
100%
peut-
100%
pour
100%
qu'
100%
que
100%
qui
100%
s'
100%
sa
100%
un
100%
vous
100%
y
100%
y ...
100%
Cela
83%
comme
83%
la
83%
le
83%
les
83%
On
83%
on
83%
OĂą
83%
personne
83%
quoi?
83%
rien
83%
sait
83%
soi,
83%
soi.
83%
an ;
67%
Ans.
67%
avais
67%
Cent
67%
choses.
67%
eu --
67%
jamais
67%
mieux :
67%
moins
67%
Plus
67%
quand
67%
si
67%
vie
67%
années
50%
aurait
50%
comment
50%
dire --,
50%
dire
50%
ĂŞtes
50%
guerre
50%
passent
50%
comprend
33%
contraire.
33%
croit
33%
demande
33%
inconnu?
33%
nom
33%
rencontré
33%
serait
33%
vivre
33%
aussi
17%
commencé
17%
correct
17%
histoire.
17%
juste
17%
laquelle
17%
pris
17%
problème.
17%
sachez
17%
tournure
17%
vaut
17%
affaire
0%
conviendraient,
0%
datations
0%
dizaines
0%
étrangeté
0%
gêné
0%
grippe.
0%
habituer
0%
inconvénient
0%
ordinaire
0%
prendrez
0%
vois
0%

Distribution des résultats

Percentile par nombre de réponses

% des personnes avec chaque résultat

Votre développement - résultats

Vous n’avez pas pris ce quiz depuis la dernière actualisation